|
|
|
|
| LEADER |
00000nam0a2200000 4500 |
| 001 |
293993 |
| 005 |
20231102000640.0 |
| 010 |
|
|
|a 9785971021148
|
| 035 |
|
|
|a (RuTPU)RU\TPU\book\319043
|
| 090 |
|
|
|a 293993
|
| 100 |
|
|
|a 20150507d2015 km y0rusy50 ca
|
| 101 |
0 |
|
|a rus
|
| 102 |
|
|
|a RU
|
| 105 |
|
|
|a y z 001zy
|
| 200 |
1 |
|
|a Безопасность систем электронного документооборота. Технология защиты электронных документов
|f А. Ю. Даниленко
|
| 210 |
|
|
|a Москва
|c ЛЕНАНД
|d 2015
|
| 215 |
|
|
|a 224 с.
|
| 225 |
1 |
|
|a Основы защиты информации
|v 13
|
| 320 |
|
|
|a Библиогр.: с. 213-224.
|
| 330 |
|
|
|a Всякий раз, когда заходит разговор об обмене информацией в электронной форме, будь это платежи через Интернет, почта или переписка в Скайпе, рано или поздно возникает тема безопасности информации. Если же мы говорим об электронном документообороте, то есть о движении электронных документов, совместной работе с ними, принятии решений на их основе, набор вопросов существенно возрастает. Например:юридическая значимость электронного документа и как ее обеспечить?Как обеспечить конфиденциальность информации? Можно ли быть уверенными в неизменности данных, содержащихся в нашем документе, если мы сами их не модифицировали?Имеет ли смысл шифровать электронные документы, и если да, то как это делать? Какова роль электронных подписей при работе с такими системами? Можем ли мы доверять данной информационной системе свою информацию, а если можем, то почему? И вообще, что такое электронный документ?Обсуждению этих и многих других вопросов, связанных с электронными документами и работой с ними, посвящена предлагаемая книга.
|
| 606 |
1 |
|
|a Защита информации
|x Вычислительная техника
|2 stltpush
|3 (RuTPU)RU\TPU\subj\74425
|9 86711
|
| 610 |
1 |
|
|a компьютерные системы
|
| 610 |
1 |
|
|a защита
|
| 610 |
1 |
|
|a информационная безопасность
|
| 610 |
1 |
|
|a информация
|
| 610 |
1 |
|
|a электронные документы
|
| 610 |
1 |
|
|a автоматизированные информационные системы
|
| 610 |
1 |
|
|a средства защиты
|
| 610 |
1 |
|
|a электронный документооборот
|
| 610 |
1 |
|
|a математические модели
|
| 610 |
1 |
|
|a атаки
|
| 610 |
1 |
|
|a надежность
|
| 610 |
1 |
|
|a хэширование
|
| 610 |
1 |
|
|a применение
|
| 610 |
1 |
|
|a облачные технологии
|
| 610 |
1 |
|
|a проектирование
|
| 610 |
1 |
|
|a разработка
|
| 610 |
1 |
|
|a промышленные системы
|
| 610 |
1 |
|
|a встроенные средства
|
| 610 |
1 |
|
|a протоколирование
|
| 610 |
1 |
|
|a электронно-цифровая подпись
|
| 610 |
1 |
|
|a криптографическая защита
|
| 610 |
1 |
|
|a управление
|
| 675 |
|
|
|a 004.056.5(075.8)
|v 4
|
| 700 |
|
1 |
|a Даниленко
|b А. Ю.
|g Андрей Юрьевич
|
| 801 |
|
1 |
|a RU
|b 63413507
|c 20150507
|
| 801 |
|
2 |
|a RU
|b 63413507
|c 20150820
|g RCR
|
| 900 |
|
|
|a Защита информации в компьютерных системах и сетях
|
| 900 |
|
|
|a Защита информации и информационная безопасность
|
| 942 |
|
|
|c BK
|
| 959 |
|
|
|a 69/20150507
|d 1
|e 549,00
|f ЧЗТЛ:1
|